Statistics for Symbols of the Periodic Table Quiz

Click here to take the quiz!

General Stats

  • This quiz has been taken 16 times
  • The average score is 57 of 118

Answer Stats

#SymbolsSymbol% Correct
1HH
100%
2HeHe
100%
5BB
89%
4BeBe
89%
3LiLi
89%
6CC
78%
9FF
78%
7NN
78%
11NaNa
78%
10NeNe
78%
8OO
78%
13AlAl
67%
18ArAr
67%
20CaCa
67%
17ClCl
67%
27CoCo
67%
26FeFe
67%
19KK
67%
12MgMg
67%
25MnMn
67%
15PP
67%
16SS
67%
14SiSi
67%
22TiTi
67%
23VV
67%
33AsAs
56%
35BrBr
56%
24CrCr
56%
29CuCu
56%
31GaGa
56%
32GeGe
56%
36KrKr
56%
42MoMo
56%
41NbNb
56%
28NiNi
56%
37RbRb
56%
21ScSc
56%
34SeSe
56%
38SrSr
56%
39YY
56%
30ZnZn
56%
40ZrZr
56%
89AcAc
44%
47AgAg
44%
95AmAm
44%
85AtAt
44%
79AuAu
44%
56BaBa
44%
83BiBi
44%
48CdCd
44%
55CsCs
44%
114FlFl
44%
87FrFr
44%
80HgHg
44%
53II
44%
49InIn
44%
57LaLa
44%
116LvLv
44%
115McMc
44%
113NhNh
44%
118OgOg
44%
82PbPb
44%
46PdPd
44%
84PoPo
44%
88RaRa
44%
45RhRh
44%
86RnRn
44%
44RuRu
44%
51SbSb
44%
50SnSn
44%
43TcTc
44%
52TeTe
44%
81TlTl
44%
117TsTs
44%
92UU
44%
54XeXe
44%
107BhBh
33%
97BkBk
33%
58CeCe
33%
98CfCf
33%
96CmCm
33%
112CnCn
33%
105DbDb
33%
110DsDs
33%
66DyDy
33%
68ErEr
33%
99EsEs
33%
63EuEu
33%
100FmFm
33%
64GdGd
33%
72HfHf
33%
67HoHo
33%
108HsHs
33%
77IrIr
33%
103LrLr
33%
71LuLu
33%
101MdMd
33%
109MtMt
33%
60NdNd
33%
102NoNo
33%
93NpNp
33%
76OsOs
33%
91PaPa
33%
61PmPm
33%
59PrPr
33%
78PtPt
33%
94PuPu
33%
75ReRe
33%
104RfRf
33%
111RgRg
33%
106SgSg
33%
62SmSm
33%
73TaTa
33%
65TbTb
33%
90ThTh
33%
69TmTm
33%
74WW
33%
70YbYb
33%

Score Distribution

Percentile by Number Answered

Percent of People with Each Score

Your Score History

You have not taken this quiz